Trouve l'animateur à son émission TV Click Quiz - Statistiques

Statistiques générales
  • Ce quiz a été pris 252 fois
  • Le résultat moyen est 16 sur 18
Statistiques - réponses
Hint Réponse % Correct
Cristina Córdula Les Reines du shopping
97%
Stéphane Plaza Recherche appartement ou maison
96%
Olivier Minne Fort Boyard
95%
Denis Brogniart Koh-Lanta
95%
Karine Le Marchand L'amour est dans le pré
94%
Nagui N'oubliez pas les paroles
94%
Alain Chabat Burger Quiz
92%
Vincent Lagaf Le Bigdil
90%
Samuel Etienne Question pour un champion
87%
Jean-Pierre Foucault Qui veut gagner des millions ?
87%
Cyril Féraud Slam
86%
Benjamin Castaldi Secret Story
84%
Harry Roselmack Sept à huit
84%
Jean-Luc Reichmann Attention à la marche
83%
Stéphane Rotenberg Pékin Express
82%
Tex Les Z'amours
81%
Jacques Martin L’École des fans
80%
Thierry Beccaro Motus
75%
Aucun quiz correspondant
Distribution des résultats
% des personnes avec chaque résultat
Percentile par nombre de réponses
Votre historique - résultats
Vous n’avez pas pris ce quiz